125_ Personnalités nées un 5 mai par images - Statistiques

Statistiques générales
  • Ce quiz a été pris 51 fois
  • Le résultat moyen est 6 sur 9
Statistiques - réponses
Par images Hint Réponse % Correct
Chanteuse Adèle
90%
Actrice Virginie Efira
86%
Tennisman Carlos Alcaraz
72%
Actrice Chantal Ladesou
64%
Politicien Jean-François Copé
56%
Philosophe Karl Marx
54%
Tenniswoman Aryna Sabalenka
50%
Acteur Henry Cavill
46%
Rappeur Chris Brown
42%
Aucun quiz correspondant
Distribution des résultats
% des personnes avec chaque résultat
Percentile par nombre de réponses
Votre historique - résultats
Vous n’avez pas pris ce quiz